Catálogo
 En Linea

La profecía simbólica de la gran pirámide / (Registro nro. 18382)

Detalles MARC
000 -CABECERA
campo de control de longitud fija 00796nam a2200229 a 4500
001 - NÚMERO DE CONTROL
campo de control 000018863
005 - FECHA Y HORA DE LA ÚLTIMA TRANSACCIÓN
campo de control 20200929165855.0
008 - DATOS DE LONGITUD FIJA--INFORMACIÓN GENERAL
campo de control de longitud fija 100519s1976 xxu 000 0 spa d
040 ## - FUENTE DE LA CATALOGACIÓN
Centro catalogador/agencia de origen DO-SdBNP
Lengua de catalogación spa
Centro/agencia transcriptor BNPHU
082 ## - NÚMERO DE LA CLASIFICACIÓN DECIMAL DEWEY
Número de clasificación 220.15
Número de documento/Ítem S745p
100 1# - ENTRADA PRINCIPAL--NOMBRE DE PERSONA
Nombre de persona Spencer Lewis, H.,
Forma completa/desarrollada del nombre (Harvey)
Fechas asociadas al nombre 1883-1939
9 (RLIN) 40633
245 13 - MENCIÓN DE TÍTULO
Título La profecía simbólica de la gran pirámide /
Mención de responsabilidad, etc. H. Spencer Lewis .
250 ## - MENCIÓN DE EDICIÓN
Mención de edición 2a ed.
260 ## - PUBLICACIÓN, DISTRIBUCIÓN, ETC.
Lugar de publicación, distribución, etc. San José, California :
Nombre del editor, distribuidor, etc. Gran Logia Suprema de AMORC,
Fecha de publicación, distribución, etc. 1976.
300 ## - DESCRIPCIÓN FÍSICA
Extensión 166, [12] p. :
Otras características físicas il. ;
Dimensiones 20 cm.
490 0# - MENCIÓN DE SERIE
Mención de serie Biblioteca Rosacruz
500 ## - NOTA GENERAL
Nota general Traducción de la XII edición inglesa.
500 ## - NOTA GENERAL
Nota general Traduccida de la XII edición inglesa
650 #4 - PUNTO DE ACCESO ADICIONAL DE MATERIA--TÉRMINO DE MATERIA
Término de materia o nombre geográfico como elemento de entrada Profecía (cristianismo)
9 (RLIN) 40634
650 #4 - PUNTO DE ACCESO ADICIONAL DE MATERIA--TÉRMINO DE MATERIA
Término de materia o nombre geográfico como elemento de entrada Dones espirituales
9 (RLIN) 7138
830 #0 - PUNTO DE ACCESO ADICIONAL DE SERIE-TÍTULO UNIFORME
Título uniforme Biblioteca Rosacruz
9 (RLIN) 40635
Existencias
Estado de retiro Estado de pérdida Restricciones de uso No para préstamo Código de colección Localización permanente Ubicación/localización actual Ubicación en estantería Fecha de adquisición Número de inventario Total de préstamos Signatura topográfica completa Código de barras Fecha visto por última vez Precio válido a partir de Tipo de ítem Koha
        Monografías: Libros y Folletos General General En catalogación 19.05.2010 LF1   220.15 S745p 18863-10 25.06.2020 25.06.2020 Préstamo en sala
        Monografías: Libros y Folletos General General Orden iniciada 04.04.2017 LF1   220.15 S745p 18863-20 25.06.2020 25.06.2020 No se presta

Con tecnología Koha